| 000 | 00373nam a2200121Ia 4500 | ||
|---|---|---|---|
| 008 | 211119s9999||||xx |||||||||||||| ||und|| | ||
| 082 |
_a894.8123 _bADI-V |
||
| 100 | _aAdiga, Aravind | ||
| 245 | 0 | _aVellakaduva | |
| 260 |
_bD c Books _a2010 _cKottayam |
||
| 650 |
_aMalayalam Literature _vMalayalam FictionMalayalam NovelsShort StoriesMalayalam _xGeneral Stack |
||
| 942 | _cBOOK | ||
| 999 |
_c113536 _d113536 |
||